Демократические основы организации и деятельности советского суда / (Record no. 449576)
[ view plain ]
| 000 -LEADER | |
|---|---|
| fixed length control field | 00668nam a22001937a 4500 |
| 003 - CONTROL NUMBER IDENTIFIER | |
| control field | AM-YeHGA |
| 040 ## - CATALOGING SOURCE | |
| Original cataloging agency | AM-YeHGA |
| 090 ## - LOCALLY ASSIGNED LC-TYPE CALL NUMBER (OCLC); LOCAL CALL NUMBER (RLIN) | |
| -- | 452498 |
| 005 - DATE AND TIME OF LATEST TRANSACTION | |
| control field | 20250617160255.0 |
| 008 - FIXED-LENGTH DATA ELEMENTS--GENERAL INFORMATION | |
| fixed length control field | 200824s ||||| |||| 00| 0 rus d |
| 041 #0 - LANGUAGE CODE | |
| Language code of text/sound track or separate title | rus |
| 100 1# - MAIN ENTRY--PERSONAL NAME | |
| Personal name | Поленов, Георгий Федорович. |
| 245 10 - TITLE STATEMENT | |
| Title | Демократические основы организации и деятельности советского суда / |
| Statement of responsibility, etc. | Г. Ф. Поленов, П. Н. Кирьян. |
| 260 ## - PUBLICATION, DISTRIBUTION, ETC. | |
| Place of publication, distribution, etc. | Алма-Ата : |
| Name of publisher, distributor, etc. | Казгосиздат, |
| Date of publication, distribution, etc. | 1960. |
| 300 ## - PHYSICAL DESCRIPTION | |
| Extent | 35 с. |
| 653 0# - INDEX TERM--UNCONTROLLED | |
| Uncontrolled term | Суд в СССР |
| 700 1# - ADDED ENTRY--PERSONAL NAME | |
| Personal name | Кирьян, П. |
| 942 ## - ADDED ENTRY ELEMENTS (KOHA) | |
| Source of classification or shelving scheme | Universal Decimal Classification |
| Koha item type | Գրքեր / Books |
| Withdrawn status | Lost status | Source of classification or shelving scheme | Damaged status | Not for loan | Collection | Home library | Current library | Date acquired | Total checkouts | Full call number | Barcode | Date last seen | Price effective from | Koha item type | Public note |
|---|---|---|---|---|---|---|---|---|---|---|---|---|---|---|---|
| Universal Decimal Classification | General | Fundamental Scientific Library | Fundamental Scientific Library | 24/08/2020 | PII/36952 | FL0631373 | 24/08/2020 | 24/08/2020 | Գրքեր / Books | 30 Days Loan |
ՀՀ Գիտությունների ազգային ակադեմիայի հիմնարար գիտական գրադարան = Fundamental Scientific Library of NAS RA
All site content, except where otherwise noted, is licensed under a